Labor and steel / (Record no. 2880)
[ view plain ]
| 000 -LEADER | |
|---|---|
| fixed length control field | 01089cam a22003011 4500 |
| 001 - CONTROL NUMBER | |
| control field | 2880 |
| 003 - CONTROL NUMBER IDENTIFIER | |
| rucl marc code | BD-RjUL |
| 005 - DATE AND TIME OF LATEST TRANSACTION | |
| control field | 20211208233633.0 |
| 008 - FIXED-LENGTH DATA ELEMENTS--GENERAL INFORMATION | |
| fixed length control field | 131217s1933 nyuacf b 001 0 eng |
| 035 ## - SYSTEM CONTROL NUMBER | |
| System control number | (BD-RjUL)2908 |
| System control number | (OCoLC)1114152 |
| 040 ## - CATALOGING SOURCE | |
| Original cataloging agency | DLC |
| Transcribing agency | TxFTC |
| Modifying agency | DLC |
| Language of cataloging | eng |
| 041 ## - LANGUAGE CODE | |
| Language code of text/sound track or separate title | eng |
| 082 ## - DEWEY DECIMAL CLASSIFICATION NUMBER | |
| Classification number | 331.1872 |
| Edition number | 16 |
| Author mark and year | DAL 1933 |
| 100 1# - MAIN ENTRY--PERSONAL NAME | |
| Personal name | Davis, Horace B. |
| 9 (RLIN) | 9231 |
| 245 10 - TITLE STATEMENT | |
| Title | Labor and steel / |
| Statement of responsibility, etc. | Horace B. Davis. |
| 260 ## - PUBLICATION, DISTRIBUTION, ETC. (IMPRINT) | |
| Place of publication, distribution, etc. | New York : |
| Name of publisher, distributor, etc. | International Publishers, |
| Date of publication, distribution, etc. | c1933 |
| 300 ## - PHYSICAL DESCRIPTION | |
| Pagination | 304 p. |
| Illustrations | 1 illus., plates, port. |
| Size | 19 1/2 cm. |
| 490 0# - SERIES STATEMENT | |
| Series statement | Labor and industry series |
| 500 ## - GENERAL NOTE | |
| General note | The first seven chapters of this work were submitted to the Faculty of political science at Columbia university in partial fulfillment of the requirements for the degree of doctor of philosophy. cf. p. 13. |
| 504 ## - BIBLIOGRAPHY, ETC. NOTE | |
| Bibliography, etc | "Reference notes": p. 272-282. |
| 526 ## - STUDY PROGRAM INFORMATION NOTE | |
| Requested Dept. | Sociology |
| 650 #0 - SUBJECT ADDED ENTRY--TOPICAL TERM | |
| Topical term or geographic name as entry element | Steel industry and trade |
| Geographic subdivision | United States. |
| 9 (RLIN) | 9232 |
| Topical term or geographic name as entry element | Labor and laboring classes |
| Geographic subdivision | United States. |
| 9 (RLIN) | 8456 |
| 942 ## - ADDED ENTRY ELEMENTS (KOHA) | |
| Source of classification or shelving scheme | Dewey Decimal Classification |
| Koha item type | Books |
| Lost status | Source of classification or shelving scheme | Damaged status | Not for loan | Collection code | Permanent Location | Current Location | Shelving location | Date acquired | Source of acquisition | Total Checkouts | Full call number | Date last seen | Copy number | Koha item type |
|---|---|---|---|---|---|---|---|---|---|---|---|---|---|---|
| Dewey Decimal Classification | Non-fiction | Central Library, University of Rajshahi | Central Library, University of Rajshahi | Reading Room | 04/04/1979 | ZEITLINGER | 331.1872 DAL 1933 | 17/12/2013 | C-1 | Books |